Religion Quiz

Random Religion or Islam Quiz

Most Common Words in the Quran Quiz Stats

 Plays Quiz Updated Apr 16, 2016

Challenge
Share
Tweet
Embed
Score 0/250 Timer 15:00
1 Play Today
# Word % Correct
1,994A
96.1%
7,636The
88.6%
661I
88.1%
60Go
80%
337O
76.3%
240An
75.8%
2,206He
75.2%
2,773Is
72.3%
247All
72%
975Be
70%
110God
69.6%
4,458You
69.6%
2,040In
68.7%
2,571Allah
68.3%
1,813We
68.1%
3,257To
66.7%
6,885And
65.1%
416Me
64.5%
505No
64.2%
686On
63.1%
80She
62.3%
1,708It
60.1%
1,744For
59.8%
1,093Do
59.5%
3,627Of
58.1%
2,833They
55.5%
79Her
55.5%
1,417Are
54.1%
1,673Not
54%
744So
53.4%
791When
50.9%
1,724Who
48.4%
2,138Will
47.8%
1,134Your
47.6%
145Can
47.2%
1,105What
47%
887His
45.8%
77Man
45.7%
688If
44.8%
330One
44%
1,191That
43.8%
480My
42.8%
1,049Him
42.5%
274There
42.2%
1,126From
41.6%
542As
41.3%
391Was
41%
1,199Have
40.7%
450Us
40.4%
2,219Them
40.3%
156How
40.1%
1,241Their
39.4%
436This
38.7%
444Our
38.2%
125Am
38.1%
420Were
38.1%
559Then
38.1%
111Two
38%
482Or
36.9%
101Up
36.8%
148At
36.7%
1,086But
36.6%
67Could
35.1%
466Day
35%
183See
34%
752Say
33.4%
87Shall
33.2%
1,083With
32.9%
581Has
32.9%
256Had
32.6%
311Would
32.4%
252Good
31.4%
414By
30.3%
190Give
29.6%
263Did
29.1%
774Said
28.5%
129Life
28.2%
62Men
28.2%
223Down
27.7%
178Out
27.7%
101Night
26.2%
220Come
26%
1,189Those
25.9%
195Its
25.4%
# Word % Correct
373Earth
25.3%
182Over
25.2%
158Than
25.1%
189Some
25.1%
673People
24.6%
107Women
24.4%
921Lord
24.4%
71Death
24.2%
93Hell
23.9%
159Does
23.9%
133Every
23.3%
113Take
23%
79Been
22.9%
223These
22.9%
66Time
22.7%
148Like
22.6%
123Never
22.5%
69Water
22.5%
267Know
22.2%
192Into
21.9%
122Because
20.8%
299Before
20.7%
133Came
20.6%
90More
20.6%
172After
20.2%
61Eat
19.5%
133Make
19.4%
154Any
19.3%
74Sky
19.2%
287May
18.8%
207Most
18.8%
113Children
18.6%
103Land
18.2%
412Believe
18.1%
94Evil
18%
62Great
17.9%
128Let
17%
277Which
16.5%
265Only
16.2%
85Gave
16%
121Book
15.5%
65Cannot
15.1%
270Nor
14.9%
75None
14.9%
92Way
14.7%
68Many
14.6%
67Without
14.5%
110Other
14.2%
143Name
13.9%
71Abraham
13.7%
218Made
13.7%
66Faith
13.7%
103Even
13.6%
280Upon
12.8%
68Quran
12.4%
150Fire
12.2%
180About
12.2%
94Being
11.6%
80Yet
11.4%
89Best
11.3%
135Moses
11.3%
155Whom
10.9%
61Family
10.3%
115Worship
10.3%
136Nothing
10.2%
75Find
9.9%
104Ask
9.8%
181Truth
9.6%
172Given
9.5%
78Wrong
8.9%
66Forever
8.7%
95Call
8.6%
90Back
8.5%
106Follow
8.4%
149Until
8.3%
150Everything
8%
218Away
8%
140Mercy
8%
77Angels
7.9%
79Soul
7.8%
97Better
7.7%
173Fear
7.5%
89Leave
7.4%
123Bring
7.4%
# Word % Correct
74Whose
7.3%
258Merciful
7.2%
108Things
7.1%
117Thus
7.1%
192Heavens
6.9%
107While
6.8%
62Obey
6.7%
140Between
6.6%
164Against
6.5%
130Another
6.2%
69Own
5.9%
157Created
5.8%
70Become
5.7%
70Neither
5.7%
102Path
5.6%
63Command
5.5%
126Knows
5.2%
164Believers
5.1%
232Messenger
5%
66Religion
4.8%
149Used
4.8%
141Righteous
4.7%
71Others
4.7%
60Behind
4.7%
73Anything
4.6%
277Among
4.6%
97Wise
4.6%
172Sent
4.5%
108Turn
4.5%
102Towards
4.4%
111Knowledge
4.1%
133Disbelieve
4.1%
207Punishment
3.9%
68Remember
3.9%
77Guide
3.8%
60Himself
3.6%
100Believed
3.4%
143Hearts
3.4%
63Sign
3.4%
232Whoever
3.2%
120Reward
3.2%
73Promise
3.1%
70Forgiveness
3.1%
92Disbelievers
2.8%
80Return
2.8%
269Except
2.6%
76Besides
2.6%
143Gracious
2.5%
113Themselves
2.5%
104Deeds
2.5%
73Indeed
2.5%
82Whatever
2.4%
242Allah's
2.3%
65Deny
2.2%
132Clear
2.2%
114Scripture
2.2%
98Whomever
2.1%
76Forgiving
2%
145Wills
2%
70Torment
2%
87Guidance
1.9%
64Pharaoh
1.8%
79Gardens
1.8%
73Surely
1.8%
73News
1.8%
112Signs
1.7%
126Messengers
1.7%
101Hereafter
1.7%
72Turned
1.6%
73Witness
1.6%
67Painful
1.5%
100Servants
1.5%
69Disbelieved
1.5%
66Fact
1.4%
97Guided
1.4%
141Revealed
1.4%
67Wrongdoers
1.3%
80Resurrection
1.2%
73Belongs
1.2%
135Revelations
1.2%
75Aware
1.1%
92Therein
1%

You're not logged in!

Compare scores with friends on all Sporcle quizzes.
OR
Log In

You Might Also Like...

Show Comments

Extras

Top Quizzes Today


Score Distribution

Your Account Isn't Verified!

In order to create a playlist on Sporcle, you need to verify the email address you used during registration. Go to your Sporcle Settings to finish the process.

Report this User

Report this user for behavior that violates our Community Guidelines.

Details: